000 00786nam a2200265Ia 4500
001 Para_3595
003 CHAP
008 220125s1921 xx 000 0 und d
010 _a202127
040 _cCHAP
090 _aPA FOLLETO 1194
100 _aJones, Thomas H
_962076
245 _aThe grass worm or army Worm /
_c Thomas H. Jones
260 _aLousiana :
_b Lousiana State University. Division of Agricultural Extension
300 _a10 p.
440 _aLousiana State University Extension, Circular; 50
_9167154
650 _aPseudaletia unipuncta Lepidópteros
_9167155
901 _aPA FOLLETO 1194
902 _aA
905 _a0000001921 LOU 0000000000 00
910 _a1921
942 _cPARA
942 _cPARA
_d1
999 _c202127
_d202127